Tutte le nazioni completamente nell'emisfero australe - Statistics

Statistiche generali
  • Questo quiz è stato fatto 98 volte
  • Il punteggio medio è 30 su 34
Statistiche sulle risposte
CONTINENTE STATO % Corretto
America Argentina
99%
Oceania Australia
97%
America Cile
97%
Oceania Nuova Zelanda
97%
America Perù
96%
America Uruguay
96%
America Paraguay
94%
Africa Sudafrica
94%
America Bolivia
93%
Africa Zambia
92%
Africa Mozambico
91%
Africa Zimbabwe
91%
Africa Botswana
90%
Oceania Figi
90%
Africa Lesotho
90%
Africa Madagascar
90%
Africa Namibia
88%
Africa Burundi
86%
Africa Eswatini/Swaziland
86%
Africa Angola
84%
Oceania Isole Salomone
84%
Africa Tanzania
83%
Africa Mauritius
82%
Oceania Tuvalu
82%
Oceania Vanuatu
82%
Oceania Papua Nuova Guinea
81%
Africa Ruanda
81%
Oceania Tonga
80%
Oceania Nauru
78%
Asia Timor Est
78%
Oceania Samoa
77%
Africa Seychelles
77%
Africa Comore
74%
Africa Malawi
71%
Nessun quiz corrispondente trovato
Distribuzione punteggi
Percentuale di utenti per punteggio
Percentile per numero di risposta
I tuoi punteggi nel tempo
Non hai fatto questo quiz